000 00622nam a2200217 a 4500
001 59386
003 BD-RjUL
005 20211209080725.0
008 161224r19591922enk 000 0 eng d
035 _a(BD-RjUL)59510
040 _aFDA
_cFDA
_dOCL
_dOCLCQ
_dVYN
_dBD-RjUL
_beng
041 _aeng
082 _223
_a181.4
_bTAC 1959
100 1 _aTagore, Rabindranath,
_d1861-1941.
_9176622
245 1 0 _aCreative unity /
_cRabindranath Tagore
250 _aIndian ed.
260 _aLondon :
_bMacmillan,
_c1922 [Reprinted 1959].
300 _avii, 203 p. ;
_c19 cm.
650 0 _aHindu philosophy.
_9176623
942 _2ddc
_cBK
999 _c59386
_d59386